[Event "SVK-chT U20 final"]
[Site "Liptovsky Hradok"]
[Date "2013.05.05"]
[Round "5.2"]
[White "Jozefek, Michal"]
[Black "Dubovsky, Dominik"]
[Result "1-0"]
[WhiteElo "2195"]
[BlackElo "1508"]
[PlyCount "51"]
[EventDate "2013.05.03"]
[EventType "team-tourn"]
[EventRounds "5"]
[EventCountry "SVK"]
[SourceTitle "EXT 2022"]
[Source "ChessBase"]
[SourceDate "2021.10.06"]
[SourceVersion "1"]
[SourceVersionDate "2021.10.06"]
[SourceQuality "1"]
[WhiteTeam "Osuske U20"]
[BlackTeam "Bratislava Doprastav U20 II"]
[WhiteTeamCountry "SVK"]
[BlackTeamCountry "SVK"]

1. d4 d5 2. c4 e6 3. Nc3 Nf6 4. cxd5 Nxd5 5. e4 Nxc3 6. bxc3 g6 7. Nf3 Nc6 8. Bd3 Bg7 9. Ba3 Bd7 10. 0-0 Ne7 11. Rb1 Rb8 12. c4 0-0 13. Qd2 Re8 14. d5 exd5 15. cxd5 Nc8 16. Rfe1 Nb6 17. h3 Bf8 18. Bxf8 Rxf8 19. Qh6 Qf6 20. Bc2 Rfe8 21. Bb3 Bb5 22. e5 Qg7 23. Qf4 Rbd8 24. Rbd1 a5 25. a4 Bd7 26. e6 1-0